Contratos administrativos. / (Record no. 2001)

MARC details
000 -LEADER
fixed length control field 00438nam a22001337a 4500
008 - FIXED-LENGTH DATA ELEMENTS--GENERAL INFORMATION
fixed length control field 140429b xxu||||| |||| 00| 0 spa d
020 ## - INTERNATIONAL STANDARD BOOK NUMBER
International Standard Book Number 978-987-1313-60-0
082 ## - DEWEY DECIMAL CLASSIFICATION NUMBER
Edition number 14
Classification number 342
110 1# - MAIN ENTRY--CORPORATE NAME
9 (RLIN) 2099
Corporate name or jurisdiction name as entry element Universidad Austral.
Subordinate unit Facultad de Derecho.
245 00 - TITLE STATEMENT
Title Contratos administrativos. /
Statement of responsibility, etc Jornadas Organizadas por la Universidad Austral Facultad de Derecho.
260 ## - PUBLICATION, DISTRIBUTION, ETC. (IMPRINT)
Place of publication, distribution, etc Buenos Aires :
Name of publisher, distributor, etc Rap,
Date of publication, distribution, etc 2010.
300 ## - PHYSICAL DESCRIPTION
Extent 680 p.
942 ## - ADDED ENTRY ELEMENTS (KOHA)
Source of classification or shelving scheme Dewey Decimal Classification
Item type Libro, folleto, traducción
980 ## - EQUIVALENCE OR CROSS-REFERENCE-SERIES STATEMENT--PERSONAL NAME/TITLE [LOCAL, CANADA]
Field link and sequence number 1943
Miscellaneous information VALERIA BEATRIZ DOMÍNGUEZ
Holdings
Withdrawn status Lost status Source of classification or shelving scheme Damaged status Not for loan Home library Current library Date acquired Total Checkouts Full call number Barcode Date last seen Date last borrowed Price effective from Koha item type
    Dewey Decimal Classification     Biblioteca Central Biblioteca Central 29/04/2014 2 342 CON 2a.ed. UNAJ14040658 17/03/2025 04/06/2024 29/04/2014 Libro, folleto, traducción

Lunes a Viernes 8:30 a 19:00 hs. Cerrado por mudanza
Av.Calchaqui 6200 Florencio Varela (CP188) 2°piso Edificio Mosconi Aula 209-210
Mail: bibliotecacentralunaj@gmail.com  
Whatsapp(54 9)1122668024    ❔Pregunte a la bibliotecaria
© Universidad Nacional Arturo Jauretche | Secretaría Académica | Biblioteca Central UNAJ